Filmographie de Ryan Gosling - Statistiques

Statistiques générales
  • Ce quiz a été pris 27 fois
  • Le résultat moyen est 10 sur 62
Statistiques - réponses
Hint Réponse % Correct
Longs-métrages 2023 Barbie
92%
Longs-métrages 2016 La La Land
77%
Longs-métrages 2011 Drive
69%
Longs-métrages 2011 Crazy, Stupid, Love.
58%
Longs-métrages 2024 The Fall Guy
50%
Producteur 2024 The Fall Guy
50%
Longs-métrages 2017 Blade Runner 2049
46%
Longs-métrages 2004 N'oublie jamais
42%
Longs-métrages 2012 The Place Beyond the Pines
38%
Longs-métrages 2015 The Big Short : Le Casse du siècle
31%
Longs-métrages 2022 The Gray Man
27%
Longs-métrages 2010 Blue Valentin
23%
Producteur 2010 Blue Valentin
23%
Longs-métrages 2018 First Man : Le Premier Homme sur la Lune
23%
Producteur 2018 First Man : Le Premier Homme sur la Lune
23%
Longs-métrages 2016 The Nice Guys
23%
Court-métrage 2017 The Nice Guys: Word of the Day
23%
Longs-métrages 2013 Gangster Squad
15%
Longs-métrages 2007 La Faille
15%
Longs-métrages 2013 Only God Forgives
15%
Producteur 2013 Only God Forgives
15%
Longs-métrages 2006 Half Nelson
12%
Longs-métrages 2000 Le Plus Beau des combats
12%
Longs-métrages 2007 Une fiancée pas comme les autres
12%
Longs-métrages 2001 Danny Balint
8%
Longs-métrages 1996 Frankenstein and Me
8%
Longs-métrages 2005 Stay
8%
Séries télévisées 1993-1994 The Mickey Mouse Club
8%
Longs-métrages 2002 Calculs meurtriers
4%
Séries télévisées 1996 Chahut au bahut
4%
Séries télévisées 1996 Chair de poule
4%
Séries télévisées 1997-1998 Classe Croisière
4%
Téléfilms 2019 My Favorite Shapes by Julio Torres
4%
Longs-métrages 2011 Drunk History Christmas
4%
Séries télévisées 1995 Fais-moi peur !
4%
Séries télévisées 1999 Hercule
4%
Séries télévisées 1998-1999 Hercule contre Arès
4%
Documentaires 2005 I'm Still Here: Real Diaries of Young People Who Lived During the Holocaust
4%
Compositeur 2013 In the Room Where You Sleep - Conjuring : Les Dossiers Warren
4%
Compositeur 2014 In the Room Where You Sleep - The Stairs
4%
Séries télévisées 1996 Kung Fu, la légende continue
4%
Séries télévisées 1996 Les Aventures de Shirley Holmes
4%
Séries télévisées 1996 Les Contes d'Avonlea
4%
Longs-métrages 2011 Les Marches du pouvoir
4%
Compositeur 2012 Lose Your Soul & Dead Heart - Dollhouse
4%
Producteur 2014 Lost River
4%
Réalisateur / Scénariste 2014 Lost River
4%
Longs-métrages 2010 Love and Secrets
4%
Téléfilms 1998 Nothing Too Good for a Cowboy
4%
Séries télévisées 1996 Psi Factor, chroniques du paranormal
4%
Séries télévisées 1996 Ready or Not
4%
Producteur 2010 ReGeneration
4%
Doublage 2010 ReGeneration
4%
Documentaires 2018 Ryan Gosling
4%
Longs-métrages 2017 Song to Song
4%
Compositeur 2004 The Pickup Song, Touch Me & Wake - Wild Roomies
4%
Longs-métrages 2002 The Slaughter Rule
4%
Téléfilms 1999 The Unbelievables
4%
Longs-métrages 2003 The United States of Leland
4%
Longs-métrages 2011 Touch of Evil
4%
Producteur 2013 White Shadow
4%
Producteur 2024 Wolf Man
4%
Aucun quiz correspondant
Distribution des résultats
% des personnes avec chaque résultat
Percentile par nombre de réponses
Votre historique - résultats
Vous n’avez pas pris ce quiz